Narratology: introduction to the theory of narrative
محفوظ في:
| المؤلف الرئيسي: | |
|---|---|
| التنسيق: | كتاب |
| اللغة: | الإنجليزية |
| منشور في: |
Toronto
University of Toronto
1997
|
| الطبعة: | 2a. ed |
| الموضوعات: | |
| الوسوم: |
إضافة وسم
لا توجد وسوم, كن أول من يضع وسما على هذه التسجيلة!
|
MARC
| LEADER | 00000nam a2200000 a 4500 | ||
|---|---|---|---|
| 001 | UCK2370 | ||
| 003 | CL-VaPUC | ||
| 008 | 050106e19970000CN |||||||||||||||||eng|d | ||
| 020 | |a 0802078060 | ||
| 082 | 0 | 4 | |a 808.3 |b BAL |2 21 |
| 100 | 0 | |a Bal, Mieke |e author |9 490225 | |
| 245 | 1 | 0 | |a Narratology: introduction to the theory of narrative |
| 250 | |a 2a. ed | ||
| 300 | |a 254 p | ||
| 942 | |c BK | ||
| 945 | |d 20050106 00:00:00 |a cmena | ||
| 260 | |a Toronto |b University of Toronto |c 1997 | ||
| 650 | 0 | |a Retórica |9 266620 | |
| 650 | 0 | |a Narración |9 310539 | |
| 650 | 0 | |a Análisis del discurso |9 256696 | |
| 583 | |a last modification |c 20050106 00:00:00 |k Rodrigo Vera | ||
| 999 | |c 311928 |d 311926 | ||
| 952 | |0 0 |1 0 |4 0 |6 808_300000000000000_BAL_1997 |7 0 |8 A |9 381661 |a FDOPOS |b FDOPOS |d 2019-11-21 |i 4091310 |o 808.3 BAL 1997 |p 4091310 |r 2025-01-22 |w 2019-11-21 |y BK |k MLA | ||